Tilastot visalle Valtiot kansallislaulun mukaan

Klikkaa tästä pelataksesi tätä visaa!

Yleistilastot

  • Tätä visaa on pelattu 11 kertaa
  • Keskiarvotulos 17 / 24

Vastaustilastot

MaanosaKansallislauluValtio% Oikein
Etelä-AmerikkaHino Nacional BrasileiroBrasilia
100%
AasiaYìyǒngjūn JìnxíngqǔKiina
100%
OseaniaNauru BwiemaNauru
100%
EurooppaMu isamaa, mu õnn ja rõõmViro
100%
Etelä-AmerikkaOh Gloria InmarcesibleKolumbia
88%
EurooppaJa, vi elsker dette landetNorja
88%
Etelä-AmerikkaParaguayos, República o MuerteParaguay
88%
Pohjois-AmerikkaSons and Daughters of St. LuciaSaint Lucia
88%
EurooppaHimnuszUnkari
88%
Pohjois-AmerikkaThe Star-Spangled BannerYhdysvallat
88%
Pohjois-AmerikkaFair Antigua, We Salute TheeAntigua ja Barbuda
75%
Etelä-AmerikkaSalve, Oh PatriaEcuador
75%
OseaniaGod Bless FijiFidži
75%
AfrikkaO Cameroon, Cradle of Our ForefathersKamerun
75%
AfrikkaLa CongolaiseKongon tasavalta
75%
EurooppaÝmnos eis tin EleftheríanKreikka
75%
AfrikkaBiladi, Biladi, BiladiEgypti
63%
AasiaJana-Gana-ManaIntia
63%
AasiaPhleng ChatThaimaa
63%
OseaniaYumi, Yumi, YumiVanuatu
38%
OseaniaThe Banner of FreedomSamoa
25%
AasiaHatikvaIsrael
13%
Pohjois-AmerikkaOh Land of BeautySaint Kitts ja Nevis
13%
AfrikkaMungu ibariki AfrikaTansania
13%

Tulosjakauma

Persentiili vastausten määrän mukaan

Jokaisen tuloksen saaneiden osuus

Tuloshistoriasi

Et ole pelannut tätä visaa